MARC детайли
| 000 -Лидер |
| Контролно поле с фиксирана дължина |
02984nam a2200469 a 4500 |
| 003 - Код на организацията, давaща контролен номер |
| Контролно поле |
BLK |
| 005 - Дата и час на последна редакция |
| Контролно поле |
20231027150449.0 |
| 008 - Елементи от данни с фиксирана дължина |
| fixed length control field |
180409b bul|||||r ||||||| ||bul|| |
| 010 ## - Наследен системен номер |
| LC control number |
KNG00119235000 |
| 040 ## - Източник на каталожния запис |
| Идентификатор на билиотеката - собственик на записа |
BLK |
| 041 ## - Код за език |
| Код за езика на текст/звукозапис или на отделно заглавие |
Български |
| Код за езика КДБФ |
Български |
| 080 ## - УДК |
| Текстов определител УДК |
Конституции. Законодателни събрания. Народни събрания |
| УДК код - определител по УДК |
342.4 |
| УДК - код + определител |
342.4(497.2)(091) |
| УДК определител |
(497.2)(091) |
| 139 ## - Редно поле |
| Редна дума |
България; Източна Румелия. Конституция |
| 245 10 - Сведения за заглавието |
| Заглавие |
Органический устав на Източна Румелия |
| Редно поле (дума) |
[Прев. от Йоаким Груев] |
| 257 ## - Страна на издаване |
| Страна на създаване/издаване |
България |
| 260 ## - Област на издателските данни |
| Име на издателя, разпространителя и проч. |
книж. Христо Г. Данов |
| Година на издаване |
1879 |
| 9 (RLIN) |
217540 |
| Място на издаване, разпространение и проч. |
Пловдив |
| Печатница |
(София : Янко С. Ковачев) |
| 300 ## - Физическа характеристика |
| Страници |
294, XIV с. |
| Размери/Мащаб |
21 cm |
| 380 ## - Жанр |
| Жанр |
Обществени науки |
| 490 ## - СЕРИИ (Колекции) |
| Име на серия |
Колекция Редки и ценни издания |
| 9 (RLIN) |
435080 |
| 490 ## - СЕРИИ (Колекции) |
| Име на серия |
Лична библиотека на Захари Стоянов |
| 9 (RLIN) |
435931 |
| №: серия |
43 |
| 500 ## - Общи забележки |
| Забележка |
Датирано: 27.ІV.936 г. № 184. Подпис на Захари Стоянов. |
| 650 #0 - Допълнително описание по предмет – тема |
| 9 (RLIN) |
290380 |
| Основно описание – тема или топоним |
Конституция - България - история |
| 650 #0 - Допълнително описание по предмет – тема |
| 9 (RLIN) |
302469 |
| Основно описание – тема или топоним |
Източна Румелия - история |
| 653 #7 - Ключова дума – ненормативна |
| 9 (RLIN) |
194319 |
| Ключова дума |
право |
| 700 ## - Други автори (авторска отговорност) |
| 9 (RLIN) |
966 |
| Лично име |
Груев, Йоаким |
| Автороска отговорност (Описва отношението между автора и произведението) |
прев. |
| 852 ## - Местоположение |
| Форматна сигнатура |
Рб 879 ЗСт |
| Фондова буква |
Редки и ценни |
| 852 ## - Местоположение |
| Форматна сигнатура |
Рб 879 |
| Фондова буква |
Редки и ценни |
| 856 4# - Електронен адрес и достъп |
| Електронен формат |
jpg - файл |
| Име на файл |
Съдържание |
| Права за достъп |
Достъп за регистрирани потребители |
| Път до файла /url/ |
http://185.138.176.146:18082/cgi-bin/koha/opac-retrieve-file.pl?id=94e78d8f7e28dbefbe194e41d7505c1f |
| Допълнителна информация (Корица, съдържание, пълен текст, звуков файл, HTML файл) |
Изображение |
| Информация за съдържанието |
Съдържание 1 |
| 856 4# - Електронен адрес и достъп |
| Електронен формат |
jpg - файл |
| Име на файл |
Съдържание |
| Права за достъп |
Достъп за регистрирани потребители |
| Път до файла /url/ |
http://185.138.176.146:18082/cgi-bin/koha/opac-retrieve-file.pl?id=c80565413e3714c2e8af288206b53ede |
| Допълнителна информация (Корица, съдържание, пълен текст, звуков файл, HTML файл) |
Изображение |
| Информация за съдържанието |
Съдържание 2 |
| 856 4# - Електронен адрес и достъп |
| Електронен формат |
jpg - файл |
| Име на файл |
Съдържание |
| Права за достъп |
Достъп за регистрирани потребители |
| Път до файла /url/ |
http://185.138.176.146:18082/cgi-bin/koha/opac-retrieve-file.pl?id=beb937c6bab456269c135d8b8a766541 |
| Допълнителна информация (Корица, съдържание, пълен текст, звуков файл, HTML файл) |
Изображение |
| Информация за съдържанието |
Съдържание 3 |
| 856 4# - Електронен адрес и достъп |
| Електронен формат |
jpg - файл |
| Име на файл |
Съдържание |
| Права за достъп |
Достъп за регистрирани потребители |
| Път до файла /url/ |
http://185.138.176.146:18082/cgi-bin/koha/opac-retrieve-file.pl?id=ed16bfda9d303b33ea36fecabf73b832 |
| Допълнителна информация (Корица, съдържание, пълен текст, звуков файл, HTML файл) |
Изображение |
| Информация за съдържанието |
Съдържание 4 |
| 856 4# - Електронен адрес и достъп |
| Електронен формат |
jpg - файл |
| Име на файл |
Съдържание |
| Права за достъп |
Достъп за регистрирани потребители |
| Път до файла /url/ |
http://185.138.176.146:18082/cgi-bin/koha/opac-retrieve-file.pl?id=3aefb66c27b57038727331ee3e3a27cf |
| Допълнителна информация (Корица, съдържание, пълен текст, звуков файл, HTML файл) |
Изображение |
| Информация за съдържанието |
Съдържание 5 |
| 856 4# - Електронен адрес и достъп |
| Електронен формат |
jpg - файл |
| Име на файл |
Съдържание |
| Права за достъп |
Достъп за регистрирани потребители |
| Път до файла /url/ |
http://185.138.176.146:18082/cgi-bin/koha/opac-retrieve-file.pl?id=1c4d9f08827d3d82b915533aec6b9ecc |
| Допълнителна информация (Корица, съдържание, пълен текст, звуков файл, HTML файл) |
Изображение |
| Информация за съдържанието |
Съдържание 6 |
| 856 4# - Електронен адрес и достъп |
| Електронен формат |
jpg - файл |
| Име на файл |
Съдържание |
| Права за достъп |
Достъп за регистрирани потребители |
| Път до файла /url/ |
http://185.138.176.146:18082/cgi-bin/koha/opac-retrieve-file.pl?id=af4a804761b756b5f67d29e4b060fa37 |
| Допълнителна информация (Корица, съдържание, пълен текст, звуков файл, HTML файл) |
Изображение |
| Информация за съдържанието |
Съдържание 7 |
| 942 ## - АРТИКУЛИ |
| Вид на библиотечния материал |
Книги |
| Скрит в OPAC |
Не |
| Периодичен библиозапис |
Да |
| Koha issues (borrowed), all copies |
2 |
| 944 ## - СЪЗДАВАНЕ И РЕДАКЦИЯ на ЗАПИСА |
| Създаване/Редакция |
Създаване |
| Дата на регистрацията/редакция |
2020-11-05 |
| Служител, извършил регистрацията/редакцията |
30542 |
| Статус, дата на статуса |
Русанова Ирена |
| 944 ## - СЪЗДАВАНЕ И РЕДАКЦИЯ на ЗАПИСА |
| Създаване/Редакция |
Редакция |
| Дата на регистрацията/редакция |
2021-09-10 |
| Служител, извършил регистрацията/редакцията |
ВП |
| 999 ## - СИСТЕМНИ КОНТРОЛНИ НОМЕРА |
| Koha biblionumber |
391337 |
| Koha biblioitemnumber |
391337 |
| 999 ## - СИСТЕМНИ КОНТРОЛНИ НОМЕРА |
| Koha biblioitemnumber |
391337 |
| 999 ## - СИСТЕМНИ КОНТРОЛНИ НОМЕРА |
| Koha biblioitemnumber |
391337 |
| 999 ## - СИСТЕМНИ КОНТРОЛНИ НОМЕРА |
| Koha biblioitemnumber |
391337 |
| 999 ## - СИСТЕМНИ КОНТРОЛНИ НОМЕРА |
| Koha biblioitemnumber |
391336 |